[Event "Brasilia Centro Oeste op"]
[Site "Brasilia"]
[Date "2024.11.17"]
[Round "5"]
[White "Freire, Edney da Silva"]
[Black "Camilotti, Vicenzo Kuhn"]
[Result "1-0"]
[WhiteElo "1864"]
[BlackElo "2096"]
[PlyCount "104"]
[EventDate "2024.11.15"]
[EventType "swiss"]
[EventRounds "6"]
[EventCountry "BRA"]
[SourceTitle "CB49_2024"]
[SourceDate "2024.12.04"]
[SourceVersion "1"]
[SourceVersionDate "2024.12.04"]
[SourceQuality "1"]

1. d4 Nf6 2. Bf4 d5 3. h3 c5 4. c3 Nc6 5. e3 Bf5 6. Bd3 Bxd3 7. Qxd3 Qb6 8. b3 e6 9. Nd2 Rc8 10. Ngf3 cxd4 11. exd4 Be7 12. 0-0 0-0 13. Rfc1 Ba3 14. Rc2 Rfe8 15. Ne5 Nxe5 16. Bxe5 Nd7 17. Bg3 Be7 18. b4 a5 19. a3 a4 20. Rac1 Bf6 21. Nf3 Rc4 22. Nd2 Rc6 23. Bf4 Rec8 24. b5 Rc4 25. Nxc4 Rxc4 26. Rb1 Be7 27. Ra2 Qa5 28. Bd2 Nb6 29. Qg3 Qa8 30. Bh6 Qf8 31. Bc1 Qc8 32. Bd2 Qf8 33. Rba1 Rc8 34. Bf4 Nc4 35. Bc7 b6 36. Be5 f6 37. Bf4 Bxa3 38. Bc1 Bd6 39. Qg4 Qe8 40. Rxa4 Na5 41. Ba3 Bxa3 42. R4xa3 Rc7 43. Qg3 Qd7 44. Rxa5 bxa5 45. Rxa5 Rb7 46. Qd3 e5 47. dxe5 fxe5 48. Ra8+ Kf7 49. Qxh7 Qxb5 50. Qf5+ Ke7 51. Qf8+ Kd7 52. Rd8+ Ke6 1-0

[Event "Brasilia Centro Oeste op"]
[Site "Brasilia"]
[Date "2024.11.15"]
[Round "2"]
[White "Santanna, Paulo"]
[Black "Freire, Edney da Silva"]
[Result "1-0"]
[WhiteElo "2043"]
[BlackElo "1864"]
[PlyCount "83"]
[EventDate "2024.11.15"]
[EventType "swiss"]
[EventRounds "6"]
[EventCountry "BRA"]
[SourceTitle "CB49_2024"]
[SourceDate "2024.12.04"]
[SourceVersion "1"]
[SourceVersionDate "2024.12.04"]
[SourceQuality "1"]

1. e4 c6 2. d4 d5 3. e5 Bf5 4. h4 h5 5. Bg5 Qb6 6. Bd3 Bxd3 7. Qxd3 e6 8. Nd2 Be7 9. Ngf3 Nd7 10. 0-0 a6 11. c4 Bxg5 12. Nxg5 Ne7 13. Rfc1 Nf5 14. Ngf3 0-0 15. c5 Qd8 16. g3 g6 17. Nf1 b6 18. cxb6 Qxb6 19. Ne3 Ne7 20. g4 hxg4 21. Nxg4 Nf5 22. Ne3 Ne7 23. h5 Kg7 24. Kg2 c5 25. dxc5 Qc7 26. Qc3 Nc6 27. h6+ Kxh6 28. Rh1+ Kg7 29. Ng4 Rh8 30. b4 Qb7 31. Rxh8 Rxh8 32. Rb1 d4 33. Qe1 Ncxe5 34. Ngxe5 Nf6 35. c6 Qc7 36. Qd2 Nd5 37. Qxd4 f6 38. Nd3 Qxc6 39. Qa7+ Kg8 40. Qc5 Qd7 41. Rc1 Kf7 42. Nde5+ 1-0

[Event "Brasilia Terraviva op"]
[Site "Brasilia"]
[Date "2019.01.10"]
[Round "1"]
[White "Freire, Edney da Silva"]
[Black "Matsuura, Everaldo"]
[Result "0-1"]
[WhiteElo "1783"]
[BlackElo "2468"]
[PlyCount "96"]
[EventDate "2019.01.10"]
[EventType "swiss"]
[EventRounds "7"]
[EventCountry "BRA"]
[SourceTitle "EXT 2020"]
[Source "ChessBase"]
[SourceDate "2019.10.17"]
[SourceVersion "1"]
[SourceVersionDate "2019.10.17"]
[SourceQuality "1"]

1. d4 d5 2. Bf4 Nf6 3. e3 e6 4. Bd3 c5 5. c3 Nc6 6. h3 Bd6 7. Bxd6 Qxd6 8. Nf3 0-0 9. 0-0 e5 10. dxe5 Nxe5 11. Nxe5 Qxe5 12. Nd2 b6 13. Nf3 Qe7 14. Re1 Bb7 15. Qc2 Rad8 16. Rad1 Rd6 17. a3 Rfd8 18. Be2 Ne4 19. Nd2 Ng5 20. Nf3 Ne6 21. Kf1 Nc7 22. Kg1 Re6 23. Kf1 Rf6 24. Kg1 Ne6 25. Qc1 Rh6 26. Qc2 Qc7 27. Qf5 Nf8 28. Qc2 Rg6 29. Kf1 Qe7 30. Bd3 Rf6 31. Be2 Ng6 32. Kg1 Bc8 33. Qc1 Re6 34. Qc2 Red6 35. Bd3 Bb7 36. Be2 Qf6 37. Qc1 Bc8 38. Qc2 Bf5 39. Qc1 Nh4 40. Nxh4 Qxh4 41. Bf1 Bxh3 42. g3 Qh5 43. f4 Rg6 44. Bg2 Rxg3 45. Rd2 Qf3 46. Ree2 Bxg2 47. Rxg2 Qxe3+ 48. Kf1 Rf3+ 0-1

[Event "Brasilia Terraviva op"]
[Site "Brasilia"]
[Date "2018.01.14"]
[Round "6"]
[White "Freire, Edney da Silva"]
[Black "Felix, Luiza de Oliveira"]
[Result "1-0"]
[WhiteElo "1802"]
[BlackElo "1723"]
[PlyCount "89"]
[EventDate "2018.01.11"]
[EventType "swiss"]
[EventRounds "7"]
[EventCountry "BRA"]
[SourceTitle "CBM 182 Extra"]
[Source "ChessBase"]
[SourceDate "2018.02.23"]
[SourceVersion "1"]
[SourceVersionDate "2018.02.23"]
[SourceQuality "1"]

1. d4 Nf6 2. Bf4 e6 3. Nf3 b6 4. h3 Be7 5. e3 Bb7 6. Be2 d6 7. Nbd2 Nbd7 8. 0-0 0-0 9. c3 Re8 10. Re1 Bf8 11. Bb5 a6 12. Ba4 b5 13. Bc2 c5 14. a3 e5 15. dxe5 dxe5 16. Bg3 e4 17. Nh2 Ne5 18. Qe2 Nd3 19. Bxd3 exd3 20. Qd1 c4 21. Nhf3 Bd6 22. Bh4 Qb6 23. Bxf6 gxf6 24. Nd4 Qc5 25. e4 Qe5 26. N2f3 Qh5 27. Nf5 Bf8 28. Ng3 Qc5 29. Nd4 Rad8 30. Ngf5 Kh8 31. Qg4 a5 32. Re3 Bc8 33. Rg3 Bh6 34. Qh5 Bxf5 35. Qxh6 Bg6 36. Nf5 Qf8 37. Qh4 d2 38. Qxf6+ Kg8 39. Rd1 h5 40. Nh4 Rxe4 41. Rxg6+ fxg6 42. Qxg6+ Kh8 43. Qxe4 Rc8 44. Qd4+ Kg8 45. Qxd2 1-0

[Event "Brasilia Terraviva op"]
[Site "Brasilia"]
[Date "2018.01.13"]
[Round "5"]
[White "Hoshino, Karen M"]
[Black "Freire, Edney da Silva"]
[Result "1-0"]
[WhiteElo "1951"]
[BlackElo "1802"]
[PlyCount "61"]
[EventDate "2018.01.11"]
[EventType "swiss"]
[EventRounds "7"]
[EventCountry "BRA"]
[SourceTitle "CBM 182 Extra"]
[Source "ChessBase"]
[SourceDate "2018.02.23"]
[SourceVersion "1"]
[SourceVersionDate "2018.02.23"]
[SourceQuality "1"]

1. d4 d5 2. c4 c6 3. Nc3 Nf6 4. e3 Bf5 5. Qb3 Bc8 6. Nf3 e6 7. Bd3 h6 8. 0-0 Be7 9. e4 dxe4 10. Nxe4 Nbd7 11. Re1 0-0 12. Bd2 b6 13. Rad1 Bb7 14. Bf4 Nxe4 15. Bxe4 Qc8 16. h3 Re8 17. Bb1 Bf8 18. Ne5 Nxe5 19. Bxe5 g6 20. Qg3 Kh7 21. h4 f5 22. h5 g5 23. f4 Be7 24. fxg5 Bxg5 25. c5 Qd7 26. Qf3 Qf7 27. g4 Rg8 28. gxf5 Bf6+ 29. Kh1 Kg7 30. Rg1+ Kh8 31. fxe6 1-0

[Event "Brasilia Terraviva op"]
[Site "Brasilia"]
[Date "2018.01.12"]
[Round "2"]
[White "Da Silva, Renato Claudio Melo"]
[Black "Freire, Edney da Silva"]
[Result "1-0"]
[WhiteElo "1670"]
[BlackElo "1802"]
[PlyCount "119"]
[EventDate "2018.01.11"]
[EventType "swiss"]
[EventRounds "7"]
[EventCountry "BRA"]
[SourceTitle "CBM 182 Extra"]
[Source "ChessBase"]
[SourceDate "2018.02.23"]
[SourceVersion "1"]
[SourceVersionDate "2018.02.23"]
[SourceQuality "1"]

1. b3 d5 2. Bb2 Bf5 3. Nf3 e6 4. e3 h6 5. d3 Nf6 6. Nbd2 Nbd7 7. Be2 Be7 8. 0-0 0-0 9. Ne5 Nxe5 10. Bxe5 Nd7 11. Bb2 Bf6 12. Bxf6 Nxf6 13. c4 c6 14. cxd5 exd5 15. Nf3 Re8 16. Qd2 Qd7 17. Rfe1 Rad8 18. Rac1 Bh7 19. h3 Qe7 20. Qc3 Nd7 21. d4 Be4 22. Nd2 Nf6 23. Bd3 Bxd3 24. Qxd3 Ne4 25. Nxe4 Qxe4 26. Qxe4 Rxe4 27. b4 a6 28. a4 Rde8 29. Red1 f5 30. b5 axb5 31. axb5 R4e6 32. Rc5 Rd8 33. Rdc1 Rdd6 34. b6 Kf7 35. Ra1 Rd8 36. Ra7 Re7 37. Kf1 Ke6 38. Ke2 Kd6 39. Kf3 Rdd7 40. h4 Re4 41. g3 g5 42. Ra8 Rde7 43. h5 Ke6 44. Rca5 Kf6 45. Rg8 g4+ 46. Ke2 Re8 47. Ra8 Rxg8 48. Rxg8 Re6 49. Rc8 Kg5 50. Rc7 Kf6 51. Kd3 Re7 52. Kc3 Ke6 53. Rc8 Rf7 54. Kb4 Kd6 55. Rd8+ Ke7 56. Rh8 Rf6 57. Kc5 Ke6 58. Rh7 Rf7 59. Rxf7 Kxf7 60. Kd6 1-0